Entry Términos de género/forma
001 - NÚMERO DE CONTROL
- campo de control: 226841
003 - IDENTIFICADOR DE NÚMERO DE CONTROL
- campo de control: SpMaBN
005 - FECHA Y HORA DE LA ÚLTIMA TRANSACCIÓN
- campo de control: 20230626141103.0
008 - ELEMENTOS DE DATO DE LONGITUD-FIJA
- campo de control de longitud fija: 140813 n annnnbabn |a ana
024 7# - IDENTIFICADOR DE OTROS ESTÁNDARES
- Número estándar o código: http://id.loc.gov/authorities/genreForms/gf2011026363
- Fuente: lcgft
024 7# - IDENTIFICADOR DE OTROS ESTÁNDARES
- Número estándar o código: https://data.bnf.fr/ark:/12148/cb11948542x
- Fuente: rameau
024 7# - IDENTIFICADOR DE OTROS ESTÁNDARES
- Número estándar o código: http://vocab.getty.edu/aat/300026671
- Fuente: aat
040 ## - FUENTE DE CATALOGACIÓN
- Centro catalogador/agencia de origen: SpMaBN
- Lengua de catalogación: spa
- Centro/agencia transcriptor: SpMaBN
- Normas de descripción: rdc
- Convención/Normas de encabezamiento de materia/tesauro: tgfbne
- Centro/agencia modificador: ES-MaACL
042 ## - CÓDIGO DE AUTENTICACIÓN
- Código de autenticación: NORM20140813
155 ## - ENCABEZAMIENTO--TÉRMINO DE GÉNERO/FORMA
- Término de género/forma: Discursos
455 ## - TRAZADO DE VÉASE--TÉRMINO GÉNERO/FORMA
- Término de género/forma: Alocuciones
555 ## - TRAZADO DE VÉASE ADEMÁS--TÉRMINO GÉNERO/FORMA
- Subcampo de control: g
- Término de género/forma: Obras discursivas
555 ## - TRAZADO DE VÉASE ADEMÁS--TÉRMINO GÉNERO/FORMA
- Subcampo de control: h
- Término de género/forma: Brindis
555 ## - TRAZADO DE VÉASE ADEMÁS--TÉRMINO GÉNERO/FORMA
- Subcampo de control: h
- Término de género/forma: Discursos académicos
555 ## - TRAZADO DE VÉASE ADEMÁS--TÉRMINO GÉNERO/FORMA
- Subcampo de control: h
- Término de género/forma: Discursos políticos
555 ## - TRAZADO DE VÉASE ADEMÁS--TÉRMINO GÉNERO/FORMA
- Subcampo de control: h
- Término de género/forma: Discursos radiofónicos
670 ## - FUENTE DE DATOS ENCONTRADOS
- Cita de la fuente: AAT;
- Información encontrada: (Speeches (documents))
670 ## - FUENTE DE DATOS ENCONTRADOS
- Cita de la fuente: LCGFT;
- Información encontrada: (Speeches)
670 ## - FUENTE DE DATOS ENCONTRADOS
- Cita de la fuente: Martínez de Sousa, J. Diccionario de bibliología y ciencias afines. Madrid, 1993;
- Información encontrada: (Discurso)
670 ## - FUENTE DE DATOS ENCONTRADOS
- Cita de la fuente: WWW RAMEAU, 2-9-2019;
- Información encontrada: (Discours)
670 ## - FUENTE DE DATOS ENCONTRADOS
- Cita de la fuente: WWW RBGENR, 4-3-2020;
- Información encontrada: (Addresses)
- Identificador Uniforme de Recursos: https://rbms.info/vocabularies/genre/tr11.htm
670 ## - FUENTE DE DATOS ENCONTRADOS
- Cita de la fuente: WWW Embe, 26-6-2023;
- Información encontrada: (Discursos)
955 ## - CATALOGADOR - EDICIÓN
- Nombre del catalogador: Julia Mas Vieira
